| 000 | 01284cam a2200301 i 4500 | ||
|---|---|---|---|
| 001 | 12886 | ||
| 003 | Mx-PuUPA | ||
| 005 | 20260416134322.0 | ||
| 008 | 140415s2008 mx d fr 000 0 eng d | ||
| 020 |
_a9781593857097 _qempastado _qpapel alcalino |
||
| 040 |
_cMx-PuUPA _aMx-PuUPA _bspa _dMx-PuUPA _erda |
||
| 041 | 0 | _aeng | |
| 245 | 0 | 0 |
_aCognitive behavior therapy and eating disorders / _cChristopher G. Fairburn |
| 264 | 1 |
_aNew York, NY : _bThe Guilford Press, _c©2008 |
|
| 300 |
_axii, 324 páginas : _bgráficas, diagramas, tablas ; _c27 cm |
||
| 336 |
_2rdacontent _atexto _btxt |
||
| 337 |
_2rdamedia _asin medio _bn |
||
| 338 |
_2rdacarrier _avolumen _bnc |
||
| 650 | 7 |
_2armarc _aTrastornos alimenticios _vTratamiento |
|
| 650 | 7 |
_2armarc _aTerapia cognitiva |
|
| 650 | 7 |
_2armarc _aTrastornos alimenticios _xTerapia |
|
| 700 | 1 |
_aFairburn, Christopher, _eeditor |
|
| 942 |
_2ddc _cLI _h616.852606 _iC67 |
||
| 999 |
_c12886 _d12886 |
||